Statistiken für Westfalen-Quiz A-Z

Klicken Sie hier um das Quiz zu spielen!

Allgemein

  • Dieses Quiz wurde 70 mal gespielt
  • Das Durchschnittsergebnis liegt bei 16 aus 26

Antwortstatistiken

FrageAntwort% Korrekt
BGroßstadt in Ostwestfalen, deren Existenz recht zweifelhaft istBielefeld
98%
DGrößte Stadt Westfalens im RuhrgebietDortmund
95%
OGroßstadt in Niedersachsen, welche häufig auch zu Westfalen gezählt wirdOsnabrück
83%
LFluss, welcher bei Paderborn entspringt und über Hamm Richtung Rhein fließtLippe
80%
NDer andere Teil des BundeslandesNordrhein
80%
RFluss, welcher bei Winterberg entspringt und über Schwerte und Bochum Richtung Rhein fließtRuhr
80%
FDer Westfälische #F beendete 1648 den 30 Jährigen KriegFrieden
78%
GGroßstadt in Ostwestfalen, Sitz der Firmen Miele und BertelsmannGütersloh
78%
UKreisstadt am östlichen Rand des RuhrgebietsUnna
77%
ZBezeichnung für die Steinkohlebergwerke im Ruhrgebiet und im Tecklenburger LandZeche
73%
PSchwarzbrotspezialitätPumpernickel
72%
VBeliebte Biermarke aus GrevensteinVeltins
72%
WLängster Fluss Westfalens, welcher durch Ostwestfalen Richtung Nordsee fließtWeser
72%
ACheruskerfürst, welcher siegreicher Feldherr der Varusschlacht war, Namensgeber eines ostwestfälischen Fußball-ClubsArminius
67%
TMittelgebirge in Ostwestfalen bei #BTeutoburger Wald
67%
MFlaches Gebiet im nördlichen Westfalen, welches nach einer Bischofs- und Universitätsstadt benannt istMünsterland
66%
SMittelgebirge, in dem sich die Städte Arnsberg, Meschede und Iserlohn befindenSauerland
58%
EBekannte Sandsteinformation und Sehenswürdigkeit in OstwestfalenExternsteine
50%
XKreisstadt in Ostwestfalen (enthält ein x)Höxter
50%
KHöchster Punkt Westfalens im #SKahler Asten
36%
CBerühmtes mittelalterliches Kloster in bei #XCorvey
31%
JBruder Napoleons und einziger Herrscher des Königreichs WestfalenJerome Bonaparte
25%
HHistorische Handelsstraße zwischen Rhein und Elbe, welche durch Bochum, Dortmund, Soest und Paderborn verläuftHellweg
23%
YKur- und Glücksspielstadt am östlichen Rande Westfalens in Niedersachsen (enthält ein y)Bad Pyrmont
20%
QStadtteil im Südosten Bochums, in dem sich unter anderem die Ruhruniversität befindetQuerenburg
14%
IHeiligtum der Sachsen in der Nähe von #C, welches von Karl dem Großen gefällt wurdeIrminsul
5%

Verteilung der Resultate

Perzentil nach korrekt beantworteten Fragen

Anzahl Personen mit jedem Resultat

Ihre Resultats-Entwicklung

Sie haben dieses Quiz noch nicht gespielt